Header
Vista normal Vista MARC
  • Busaniche, José Luis,

Entrada Nombre personal

Número de registros utilizados en: 21

001 - NÚMERO DE CONTROL

  • campo de control: 6633

003 - IDENTIFICADOR DEL NÚMERO DE CONTROL

  • campo de control: AR-BaAGN

005 - FECHA Y HORA DE LA ÚLTIMA TRANSACCIÓN

  • campo de control: 20231113142103.0

008 - ELEMENTOS DE DATO DE LONGITUD-FIJA

  • campo de control de longitud fija: 231109|| aca||aabn | a|a d

024 7# - IDENTIFICADOR DE OTROS ESTÁNDARES

  • Número estándar o código: 69003416
  • Fuente: viaf
  • URI de un objeto del mundo real: http://viaf.org/viaf/69003416

040 ## - FUENTE DE CATALOGACIÓN

  • Centro catalogador/agencia de origen: DLC
  • Lengua de catalogación: eng
  • Centro/agencia modificador: DLC
  • Centro/agencia modificador: MdU
  • Centro/agencia modificador: AR-BaBN
  • Centro/agencia modificador: AR-BaAGN
  • Normas de descripción: aacr

100 1# - ENCABEZAMIENTO-NOMBRE DE PERSONA

  • Nombre de persona: Busaniche, José Luis,
  • Fechas asociadas al nombre: 1892-1959

370 ## - LUGAR ASOCIADO

  • Lugar de nacimiento: Santa Fe (Provincia)
  • Lugar de fallecimiento: Buenos Aires

372 ## - CAMPO DE ACTIVIDAD

  • Campo de actividad: Historia

372 ## - CAMPO DE ACTIVIDAD

  • Campo de actividad: Derecho

374 ## - OCUPACIÓN

  • Ocupación: Abogados

374 ## - OCUPACIÓN

  • Ocupación: Historiadores

400 1# - TRAZADO DE VÉASE--NOMBRE DE PERSONA

  • Nombre de persona: Busaniche, José L.,
  • Fechas asociadas al nombre: 1892-1959

400 1# - TRAZADO DE VÉASE--NOMBRE DE PERSONA

  • Nombre de persona: Busaniche, J. L.,
  • Fechas asociadas al nombre: 1892-1959

400 1# - TRAZADO DE VÉASE--NOMBRE DE PERSONA

  • Nombre de persona: Busaniche, José,
  • Fechas asociadas al nombre: 1892-1959

670 ## - FUENTE DE DATOS ENCONTRADOS

  • Cita de la fuente: Biblioteca Nacional Mariano Moreno, 9 noviembre 2023:
  • Información encontrada: catálogo de autoridades (Busaniche, José Luis)

670 ## - FUENTE DE DATOS ENCONTRADOS

  • Cita de la fuente: Estanislao López ... 1927.

670 ## - FUENTE DE DATOS ENCONTRADOS

  • Cita de la fuente: San Martín vivo, 1995:
  • Información encontrada: port. (José Luis Busaniche) p. 5 (n. 12 sept. 1892 en Santa Fe, Argentina) p. 9 (m. 1960)

670 ## - FUENTE DE DATOS ENCONTRADOS

  • Cita de la fuente: Arnold, S. G. Viaje por América del Sur, 1951:
  • Información encontrada: port. (Prólogo de José Busaniche)

670 ## - FUENTE DE DATOS ENCONTRADOS

  • Cita de la fuente: Paz, C. Efemérides lits. argentinas, 1999:
  • Información encontrada: (José Luis Busaniche, n. Santa Fe, 09 dic, 1892, m. Ciudad de Bs. As., 18 mayo 1959; docente, traductor, colaborador de diferentes diarios

670 ## - FUENTE DE DATOS ENCONTRADOS

  • Cita de la fuente: Dicc. biog., hist. y geogr. argentino El Ateneo, 1998:
  • Información encontrada: (Busaniche, José Luis; n. 1892; m. 1959; fue profesor de Historia argentina en la Univ. de Bs. As.)

678 0# - DATOS BIOGRÁFICOS O HISTÓRICOS

  • Datos biográficos o históricos: Abogado e historiador; autor de libros y artículos de revistas. Fue uno de los representantes del Revisionismo histórico argentino.

Contacto

Dirección: Av. Leandro Alem 246, 3er piso (CABA).
Código postal: C1003AAP
Teléfono: 2206-0013
Correo electrónico: comunicacionagn@mininterior.gob.ar
Sitio Web: www.argentina.gob.ar/interior/archivo-general-de-la-nacion

AGN en las redes sociales

Facebook  /  Twitter  /  Instagram